| 000 | 00799nam a2200277 a 4500 | ||
|---|---|---|---|
| 001 | nice12345678 | ||
| 003 | IN_TiNIC | ||
| 005 | 20260116012305.0 | ||
| 008 | 050524s1994 wasa grp 000 0 eng | ||
| 020 |
_a1878379 _c100 |
||
| 082 | 0 | 0 |
_a954.9303 _bLIT |
| 100 | _aLittle, David | ||
| 245 | _aSri Lanka, the Invention of Enmity, Series on Religion, Nationalism & Intol | ||
| 260 |
_aWashington _bUnited States Inst. of Peace _c1994 |
||
| 300 | _a175p | ||
| 500 | _aincludes index and biblioraphy | ||
| 505 | 2 | _aAppendix, Index | |
| 650 | _aSri Lanka-Politics and Government | ||
| 650 | _aSri Lanka-Ethnic Relations | ||
| 650 | _aTamils-Sri Lanka | ||
| 650 | _aBuddhism and Politics-Sri Lanka | ||
| 700 | 1 | _aLittle, David | |
| 902 | _bSRS | ||
| 942 | _cBK | ||
| 999 |
_c6411 _d6411 |
||